000 00666nam a2200229 a 4500
001 1952558
005 20180222083148.0
008 900718s1989 cau b 000 0 eng
010 _a 87092179
020 _a0872122166
040 _aDLC
_cDLC
041 _aeng
080 _a616.858223 REN
082 0 0 _a616.858223 REN
_220
100 1 _a50
101 _aSOC
245 1 0 _aEmotional abuse of the child /
_cDory Renn.
504 _aIncludes bibliographical references (p. 130-131).
906 _a7
_bcbc
_corignew
_d3
_eopcn
_f19
_gy-gencatlg
942 _2ddc
_cBK
999 _c43213
_d43213